Essential structural technology: Construction and architecture
Salvato in:
| Autore principale: | |
|---|---|
| Natura: | Libro |
| Lingua: | Undetermined |
| Pubblicazione: |
Upper Saddle River, New Jersey
Prentice-Hall
2001
|
| Soggetti: | |
| Tags: |
Aggiungi Tag
Nessun Tag, puoi essere il primo ad aggiungerne! !
|
| Thư viện lưu trữ: | Trung tâm Học liệu Trường Đại học Cần Thơ |
|---|
| LEADER | 00553nam a2200181Ia 4500 | ||
|---|---|---|---|
| 001 | CTU_54548 | ||
| 008 | 210402s9999 xx 000 0 und d | ||
| 020 | |b 1220000 | ||
| 082 | |a 624 | ||
| 082 | |b D611 | ||
| 100 | |a Burl E. Dishongh | ||
| 245 | 0 | |a Essential structural technology: Construction and architecture | |
| 245 | 0 | |c Burl E. Dishongh | |
| 260 | |a Upper Saddle River, New Jersey | ||
| 260 | |b Prentice-Hall | ||
| 260 | |c 2001 | ||
| 650 | |a building,structural engineering,architecture | ||
| 980 | |a Trung tâm Học liệu Trường Đại học Cần Thơ | ||